Datum a čas kvízu

28 Celkem bodů Celkový počet nahraných bodů na tomto kvízu bez doplňovacích otázek.
6. Pořadí na kvízu Konečné umístění týmu na tomto kvízu.

Zaznamenané odpovědi

# Otázka Odpověď Body Výsledky
1. Vicepremiér Karel Havlíček, kt... Ropák roku 1
2. Britský ministr zdravotnictví... líbal a objímal svoji poradkyni 1
3. Legendární Slovanská epopej Al... Moravský Krumlov 0
4. K avizovanému spojení jednoho... Moneta 1
5. V sobotu odstartoval v Brestu... Petr Vakoč 1
6. Toto téma vyhrálo minulý týden... gelato, sladoled 0
7. Jedna z nejoblíbenějších přích... stracciatella 1
8. Šmoulová zmrzlina je oblíbená... Belgie 1
9. Doplňte chybějící slovo do rek... tvarohová 1
10. Jeden z prvních dlouhometrážní... Nanuk 0